000 00933nam a2200217Ia 4500
003 GCL
008 140319s9999 xx 000 0 ara d
020 _a5453504977
040 _aGCL /
_cGCL
082 0 4 _a347.09
_bا ت
100 1 _aاسامة احمد شوقى المليجى
245 1 0 _aتسوية المنازعات فى مجال الرياضة مع تطبيق خاص على رياضة كرة القدم /
_cاسامة احمد شوقى المليجى
260 _aالقاهرة :
_bدار النهضة العربية ،
_c2005
300 _a216 ص ؛
_c24 سم
650 0 4 _aالتسوية السلمية للمنازعات الدولية
650 0 4 _aالاتحاد الفرنسى لكرة القدم
650 0 4 _aالاتحاد المصرى لكرة القدم
650 0 4 _aالاتحادات الرياضية
650 0 4 _aالتسوية السلمية للمنازعات الرياضية
942 _2ddc
_cBK
999 _c8600
_d8600